00449nam a2200145 a 4500008004100000050001300041100001900054245008200073260003900155350000900194650004400203700002000247700002100267710001500288120416s2003 ||||||||||||||||| || u aIBRD(02) aSherif, Khaled10aState-owned banks in the transition: origins, evolution, and policy responses aWashington, D.C.bWorld Bankc2003 a0.00 aTRANSITION ECONOMIES--BANKS AND BANKING aBorish, Michael aGross, Alexandra aWorld Bank